|
|
|
|
| LEADER |
00000nam0a2200000 4500 |
| 001 |
47747 |
| 005 |
20231031030444.0 |
| 035 |
|
|
|a (RuTPU)RU\TPU\book\49885
|
| 090 |
|
|
|a 47747
|
| 100 |
|
|
|a 20030221d1981 km y0rusy50 ca
|
| 101 |
0 |
|
|a rus
|
| 102 |
|
|
|a RU
|
| 105 |
|
|
|a a z 001zy
|
| 200 |
1 |
|
|a Организация безопасного ведения геологоразведочных работ
|f А. И. Бочаров, О. А. Бурдин, И. Н. Засухин, Л. В. Панкратова
|g Под ред. И. Н. Засухина, Т. Г. Тютриной
|
| 210 |
|
|
|a Москва
|c Недра
|d 1981
|
| 215 |
|
|
|a 414 с.
|c ил.
|
| 320 |
|
|
|a Библиогр. : с. 413
|
| 610 |
1 |
|
|a геология
|
| 610 |
1 |
|
|a геологоразведочные работы
|
| 610 |
1 |
|
|a охрана труда
|
| 610 |
1 |
|
|a геофизические исследования
|
| 610 |
1 |
|
|a колонковое бурение
|
| 610 |
1 |
|
|a разведочное бурение
|
| 610 |
1 |
|
|a горно-разведочные работы
|
| 610 |
1 |
|
|a взрывные работы
|
| 610 |
1 |
|
|a полезные ископаемые
|
| 610 |
1 |
|
|a двигатели внутреннего сгорания
|
| 610 |
1 |
|
|a компрессорное хозяйство
|
| 610 |
1 |
|
|a строительство
|
| 610 |
1 |
|
|a лесозаготовительные работы
|
| 610 |
1 |
|
|a деревообработка
|
| 610 |
1 |
|
|a погрузочно-разгрузочные работы
|
| 610 |
1 |
|
|a транспорт
|
| 610 |
1 |
|
|a пожарная безопасность
|
| 610 |
1 |
|
|a производственная санитария
|
| 675 |
|
|
|a 550.8:658.283
|v 3
|
| 701 |
|
1 |
|a Бочаров
|b А. И.
|g Александр Иванович
|
| 701 |
|
1 |
|a Бурдин
|b О. А.
|g Олег Андреевич
|
| 701 |
|
1 |
|a Засухин
|b И. Н.
|g Игорь Николаевич
|
| 701 |
|
1 |
|a Панкратова
|b Л. В.
|
| 702 |
|
1 |
|a Засухин
|b И. Н.
|g Игорь Николаевич
|4 340
|
| 702 |
|
1 |
|a Тютрина
|b Т. Г.
|4 340
|
| 801 |
|
1 |
|a RU
|b 63413507
|c 20030221
|g PSBO
|
| 801 |
|
2 |
|a RU
|b 63413507
|c 20160408
|g PSBO
|
| 942 |
|
|
|c BK
|